000 00445cam a2200181ua 4500
001 3513
008 111116n ii |||gr||||Z||||||asm
040 _cMAIN
082 _a891.4518
100 _aKakati, Satish Chandra,
245 1 1 _aSmriti bichitra
_cby Satish Chandra Kakati
250 _a1st.
260 _aGuwahati:
_bSahitya Prakash,992.
300 _a184p:
_c23cm.
653 _aAssamese essay
653 _aSmriti bichitra
942 _cBK
999 _c3354
_d3354